01451nam0a22002531 4500001001100000005001700011021001900028035002600047100004100073101000800114102001100122105001800133200025400151210004300405215002300448225028100471320005400752606008300806606009500889702015500984801001801139801002201157852001801179rc\381736020250530063521.0 aRUb[76-11520] a(NLR Aleph) 007274364 a20120410d1975 |||y0rusy50 ca0 arus aRUaRU aa z |||||1 aНекоторые функциональные методы исследования в практике ВТЭe[Сборник статей]fОтв. ред. заслуж. врач РСФСР, канд. мед. наук В.А. Воробьев] aЛенинградcЛИЭТИНd1975 a192 с.cил.d211 aЛенинградский научно-исследовательский институт экспертизы трудоспособности и организации труда инвалидов. Сборник научных трудов ЛИЭТИНаvВып. 38 aСписок лит.: с. 184-190 (108 назв.) aВрачебно-трудовая экспертизаjСборники2psbo aФункциональные методы исследованияjСборники2psbo 14340aВоробьевbВ. А.cканд. мед. наук, здравоохранениеgВалентин Андреевич3RU\NLR\AUTH\770230910 0aRUbNLRgpsbo 1aRUbELAR2rusmarc aNLRjП17/271